000 00353 a2200157 4500
001 64192
020 _a9788502077751
040 _cAnchieta - Pituba
100 _aOlinto, Antonio
240 1 0 _aMinidicionĂ¡rio Antonio Olinto
_lpor
245 1 0 _aMinidicionĂ¡rio Antonio Olinto
300 _a272
362 0 _a2009
650 4 _aInglesas
942 _cBK
999 _c64192
_d64192